| 000 | 02356cam a2200325 ia4500 | ||
|---|---|---|---|
| 003 | SA-RiAUC | ||
| 005 | 20250212062852.0 | ||
| 008 | 250211s2004 su g 000 0cara c | ||
| 024 | 0 | _a00000000300326 | |
| 040 |
_aJO-IrYU _bara _cSA-RiAUC _dKAC _erda |
||
| 082 | 0 | 4 |
_a258.2 _qSA-RiAUC |
| 090 |
_a258.2 _bس ج ل |
||
| 100 | 1 |
_aالسجلماسي، علي بن عبد الواحد بن محمد، _dتوفي 1057 هجري _eمؤلف. |
|
| 245 | 1 | 0 |
_aشرح اليواقيت الثمينة فيما انتمى لعالم المدينة في القواعد والنظائر والفوائد الفقهية / _cتأليف أبي عبد الله محمد بن أبي القاسم السجلماسي ؛ دراسة وتحقيق عبد الباقي بدوي. |
| 250 | _aالطبعة الأولى. | ||
| 264 | 1 |
_aالرياض : _bمكتبة الرشد، _c2004 |
|
| 300 |
_a2 مجلد ؛ _c24 سم |
||
| 336 |
_aنص _btxt _2rdacontent _3كتاب |
||
| 337 |
_aبدون وسيط _bn _2rdamedia |
||
| 338 |
_aمجلد _bnc _2rdacarrier |
||
| 500 | _a2 مجلد ببليوجرافي في 1 مجلد مادي. | ||
| 505 | 0 | _aالمحتويات : المجلد الأول-المجلد الثاني-الباب الأول التعريف بعلي الأنصاري ومنظومته (اليواقيت الثمينة) ...، وموضوعات أخرى، الكتاب الأول في الطهارات والصلوات وما يتعلق بذلك، [كتاب الزكاة والصوم والحج]، [كتاب الصيد، والذكتة واليمين والنذر والجهاد]، كتاب النكاح، كتاب البيوع وما شاكلها، كتاب الرهون، والتفليس، والحجر، والكفالة، والوكالة، والإيداع، والعواري، والغصوب، والشفعة، والقسمة، والمساقاة، والقراض، والإجارة، والأحباس، والصدقات ... وموضوعات أخرى. | |
| 650 | 7 |
_aالفقهاء المالكية _vتراجم _2aucsh |
|
| 650 | 7 |
_aالقواعد الفقهية _2aucsh |
|
| 650 | 7 |
_aالفقه المالكي _2aucsh |
|
| 700 | 1 |
_aبدوي، عبد الباقي _eمحقق. |
|
| 700 | 1 | 2 |
_iتحقيق لـ (عمل) : _aمحمد ظافر، محمد البشير ظافر، _dتوفي 1325 هجري |
| 942 |
_2ddc _cBOOK _n0 |
||
| 949 |
_aSA-JeALM _d250211 _uosman123 _n1 |
||
| 999 |
_c5848 _d5848 |
||